Statistiques concernant Trouvez l'acteur ou l'actrice... 2

Cliquez ici pour prendre le quiz!

Statistiques générales

  • Ce quiz a été pris 151 fois
  • Le résultat moyen est 8 sur 15

Statistiques - réponses

Films / SériesActeur / Actrice% Correct
Le grand restaurant - La grande vadrouille - Le corniaudLouis de Funès
88%
A bout de souffle - L'homme de Rio - Le professionnelJean-Paul Belmondo
68%
Inception - De rouille et d'os - Les petits mouchoirsMarion Cotillard
68%
Harry Potter et la Coupe de Feu - La Belle et la Bête - Les filles du Docteur MarchEmma Watson
66%
Fight club - 21 Jump Street - Et au milieu coule une rivièreBrad Pitt
65%
Alias - Very bad trip - A star is bornBradley Cooper
62%
N'oublie jamais - Drive - La La LandRyan Gosling
60%
Dirty Dancing - Ghost - The beastPatrick Swayze
52%
Et Dieu...créa la femme - Le mépris - La véritéBrigitte Bardot
48%
Manon des sources - J'embrasse pas - DiscoEmmanuelle Béart
46%
Le frelon vert - La fureur du dragon - L'homme de ferBruce Lee
35%
La chevauchée fantastique - Rio Grande - La prisonnière du désertJohn Wayne
35%
L'homme qui murmurait à l'oreille des chevaux - Match point - Ce que pensent les hommesScarlett Johansson
31%
Chips - Batman: le défi - Esprits rebellesMichelle Pfeiffer
21%
L'orchidée noire - Mariage à l'italienne - Une journée particulièreSophia Loren
13%

Distribution des résultats

Percentile par nombre de réponses

% des personnes avec chaque résultat

Votre développement - résultats

Vous n’avez pas pris ce quiz